“(There’s No Place Like) Home for the Holidays” Lyrics - Statistics

General Stats
  • This quiz has been taken 29 times
  • The average score is 49 of 92
Answer Stats
Lyric % Correct
for
100%
For
100%
{holidays},
100%
{holidays}.
100%
home
100%
{home},
100%
{home}.
100%
like
100%
no
100%
No
100%
place
100%
the
100%
there’s
100%
a
95%
matter
86%
{Oh},
86%
you
86%
be
81%
I
81%
to
81%
far
76%
{far}.
76%
how
76%
away
71%
can’t
71%
in
71%
is
71%
an
67%
and
67%
He
67%
million
67%
sweet
67%
{ways},
67%
Atlantic
62%
‘{Cause}
62%
From
62%
happy
62%
{Pacific},
62%
{roam},
62%
{terrific}!
62%
was
62%
When
62%
beat
57%
{Gee},
57%
If
57%
man
57%
met
57%
{pie}.
57%
pumpkin
57%
traffic
57%
who
57%
homemade
52%
{shore}.
52%
some
52%
sunny
52%
{Tennessee}.
52%
want
52%
go
48%
Pennsylvania
48%
{Pennsylvania},
48%
are
43%
Down
43%
folks
43%
lives
43%
of
43%
sunshine
43%
travelin’
43%
Dixie’s
38%
friendly
33%
headed
33%
{gaze},
29%
pine
24%
too
14%
could
10%
family
10%
that
10%
trip
10%
{aeroplane}.
5%
bring
5%
{bus},
5%
{car}.
5%
doorbell
5%
hop
5%
kiddies
5%
make
5%
pleasure
5%
Put
5%
{ring},
5%
Take
5%
take
5%
{train},
5%
wife
5%
No matching quizzes found
Score Distribution
Percent of People with Each Score
Percentile by Number Answered
Your Score History
You have not taken this quiz